00412nam a2200181Ia 4500003000400000005001700004006001900021007000300040008004100043024001000084037001200094040002000106041001300126082001400139100001600153245005200169260000900221OSt20220928142352.0a|||||r|||| 00| 0 ta220927b |||||||| |||| 00| 0 eng d a19327 cTextual aSDCLcSDCLbeng 2engaeng aP152v, M5 aAustin Josh 0aHindi ke vikas mein videshi vidvanon ka yogdan. c1985